000 01773cam a22004334i 4500
003 PE-LiUPU
005 20250731175624.0
008 150623s r 000 0 d
020 _a9652228397
035 _a(Sirsi) i9789652228390
040 _aPE-LiUPU
_bspa
_cPE-LiUPU
_erda
049 _aPRUA
082 0 4 _a492.4
_bD63
_221
100 1 _aDeutsch, Robert,
_eautor.
245 1 0 _aWindows to the past /
_cRobert Deutsch, Michael Heltzer.
264 1 _aTel Aviv-Jaffa, Israel :
_bArchaeological Center Publication,
_c1997.
300 _a93 páginas :
_bilustraciones, gráficos, fotos ;
_c24 centímetros
336 _atext
_2rdacontent
337 _aunmediated
_2rdamedia
338 _avolume
_2rdacarrier
504 _aIncluye bibliografía.
505 0 _aFive inscribed arrowheads. -Fifteen hebrew seal impressions on bullae. -Fifteen private seals. -An inscribed judean storage jar. -An inscribed judean measurement juglet. -An inscribed judean storage jar handle. -A hebrew seal impression on a jar handle. -An aramaic seal impression on a body sherd. four judean weights.
526 _aP145
526 _aP127
526 _aP97
526 _aP35
526 _aP14
526 _aP07
650 0 4 _aFilología semítica.
650 0 4 _aInscripciones hebreas.
650 0 4 _aInscripciones semitas.
700 1 _aHeltzer, Michal.
942 _2ddc
_cBOOK
949 _a492.4 D63
_wDEWEY
_c1
_i48109
_lCCODEBUL1
_mBUL
_r0
_sY
_tBOOK
_u2015-6-24
_xTEOLOGIA
_PP35
_0COMPRA
_o.STAFF. Colección General
994 _aC0
_bPEPRU
596 _a1
999 _a492.4 D63
_wDEWEY
_c25084
_i48109
_f2021-11-12
_g5
_lCCODEBUL1
_mBUL
_r0
_sY
_tBOOK
_u2015-6-24
_xTEOLOGIA
_PP35
_0COMPRA
_o.STAFF. Colección General
_d25084
980 _81
_gALBERTO SANCHEZ Responsable de Automatización